000 01451nam a22002657a 4500
999 _c21389
_d21389
003 OSt
005 20210604100444.0
008 170127b xxu||||| |||| 00| 0 eng d
010 _a 2008001951
020 _a9781591690436
020 _a1591690439
040 _aMMU
_cMMU
_dMMU
_beng
050 0 0 _aTN673
_b.G33 2008
100 1 _aGaskell, David R.,
_d1940-
245 1 0 _aIntroduction to the thermodynamics of materials /
_cDavid R. Gaskell.
250 _a5th ed.
260 _aNew York :
_bTaylor & Francis,
_c2008.
300 _axv, 618 p. :
_bill. ;
_c24 cm. +
_e1CD-ROM (4 3/4 in.)
500 _aIncludes bibliographical references and index.
505 0 _aIntroduction and definition of terms -- The first law of thermodynamics -- The second law of thermodynamics -- The statistical interpretation of entropy -- Auxiliary functions -- Heat capacity, enthalpy, entropy -- Phase equilibrium in a one-component system -- The behavior of gases -- The behavior of solutions -- Gibbs free energy composition and phase diagrams of binary systems -- Reactions involving gases -- Reactions involving pure condensed phases and a gaseous phase -- Reaction equilibria in systems containing components in condensed solution -- Phase diagrams for binary systems in pressure-temperature-composition space -- Electrochemistry.
650 0 _aMetallurgy.
650 0 _aThermodynamics.
650 0 _aMaterials
_xThermal properties.
942 _2lcc
_cLOAN LOAN